01102cam a22003854i 4500003000900000005001700009008004100026020001500067035002700082040003300109082001900142100002800161245006600189264007300255300003800328336002100366337002500387338002300412505009000435526001000525526001000535526000900545526000900554526000900563526000900572526000900581526000900590526000900599526000800608526000800616526000800624526000800632526000800640650006800648PE-LiUPU20250731165619.0150616s r 000 0 d a0802881041 a(Sirsi) i9780802881045 aPE-LiUPUbspacPE-LiUPUerda04a281.4bS312211 aSchaff, Philip,eautor.10aNicene and Post-Nicene Fathers of The Christian Church.n7:1. 1aGrand Rapids, Michigan :bWM. B. Eerdmans Publishing Company,c1978. a584 páginas ;c25 centímetros atext2rdacontent aunmediated2rdamedia avolume2rdacarrier0 aHomilies on the Gospel of John.- Homilies on the Firts Epistle of John.- Soliloquies. aSEG44 aSEG26 aP151 aP150 aP149 aP146 aP145 aP126 aP125 aP92 aP75 aP74 aP27 aP1504aAGUSTIN, SAN 354-430 - HOMILIAS SOBRE EL EVANGELIO DE SAN JUAN.